000 01185nam a22003497a 4500
003 CHAP
005 20250624094338.0
008 011130d2001 mx a r 00110 spa d
010 _a85058
011 _a86030
035 _a96568
040 _cCHAP
090 _aTesis
100 1 0 _aIllescas Marín, Carolina
_957419
245 1 0 _aCaracterización de un deshidratador tipo gabinete
_c/por Carolina Illescas Marín
260 _aChapingo, Méx. :
_bEl autor,
_c2001.
300 _a104 h. :
_bilus. ; gráfs.
502 _aTesis (Ing. Agroindustrial) -- UACH. Departamento de Ingenieria Agroindustrial
590 _aALEPH
_b10
_c20130110
_lUCH01
_h1444
590 _aBATCH-UPD
_b10
_c20130110
_lUCH01
_h0454
590 _aBATCH-UPD
_b10
_c20130410
_lUCH01
_h0131
590 _aBATCH-UPD
_b10
_c20130914
_lUCH01
_h1158
590 _aCONVERSION
_b10
_c20130109
_lUCH01
_h1347
650 1 4 _aDeshidratadoras.
_932133
650 1 4 _aManzana
_xDeshidratación.
_970755
901 _aBK
905 _aMayto Villalobos S.
911 _aProceso
942 _cFOLL
949 _aTesis
_bBC
_cTES
_d33724000858973
_eTS2
_fc.2
_h38634
_i96568
_si
949 _aTesis
_bBC
_cTES
_d965681
_eTS1
_h38633
_i96568
_sb
999 _c85058
_d85058